I've got to play on their court / (Record no. 16709)
[ view plain ]
| 000 -LEADER | |
|---|---|
| fixed length control field | 00520nam a22001932 4500 |
| 001 - CONTROL NUMBER | |
| control field | 0000017416 |
| 003 - CONTROL NUMBER IDENTIFIER | |
| control field | OSt |
| 005 - DATE AND TIME OF LATEST TRANSACTION | |
| control field | 20140825164719.0 |
| 008 - FIXED-LENGTH DATA ELEMENTS--GENERAL INFORMATION | |
| fixed length control field | 091025s1975 tnua 000 0 eng d |
| 020 ## - INTERNATIONAL STANDARD BOOK NUMBER | |
| International Standard Book Number | 080545554X : |
| 040 ## - CATALOGING SOURCE | |
| Original cataloging agency | PUL |
| Transcribing agency | PUL |
| 050 ## - LIBRARY OF CONGRESS CALL NUMBER | |
| Classification number | BX6480.M25 |
| Item number | R676 c1975. |
| 100 1# - MAIN ENTRY--PERSONAL NAME | |
| Personal name | Price, Nelson L. |
| 245 10 - TITLE STATEMENT | |
| Title | I've got to play on their court / |
| Statement of responsibility, etc | Nelson L. Price. |
| 260 ## - PUBLICATION, DISTRIBUTION, ETC. (IMPRINT) | |
| Place of publication, distribution, etc | Nashville, Tenn : |
| Name of publisher, distributor, etc | Broadman Press, |
| Date of publication, distribution, etc | c1975. |
| 300 ## - PHYSICAL DESCRIPTION | |
| Extent | 140 p. : |
| Other physical details | ill. ; |
| Dimensions | 20 cm. |
| 908 ## - PUT COMMAND PARAMETER (RLIN) | |
| Put command parameter | 091025 |
| 942 ## - ADDED ENTRY ELEMENTS (KOHA) | |
| Source of classification or shelving scheme | Library of Congress Classification |
| Koha item type | General circulation books |
| Withdrawn status | Lost status | Source of classification or shelving scheme | Damaged status | Not for loan | Home library | Current library | Date acquired | Source of acquisition | Total Checkouts | Full call number | Barcode | Date last seen | Price effective from | Koha item type |
|---|---|---|---|---|---|---|---|---|---|---|---|---|---|---|
| Library of Congress Classification | Presbyterian University of East Africa - Main Library | Presbyterian University of East Africa - Main Library | 26/12/2012 | DON | BX6480.M25 R676 c1975. | 020020019231 | 26/12/2012 | 26/12/2012 | General circulation books |
